000 00314nam a22001337a 4500
008 241109b |||||||| |||| 00| 0 eng d
020 _a978-93-903-9450-0
100 _aR. Mehra
245 _aData Structures Using C
260 _aNoida
_bPearson Pub
_c2023
300 _a11.20
650 _aCSE
942 _2ddc
_cBK
999 _c21009
_d21009